000 01357namaa22003251i 4500
005 20260408130922.0
008 260223s1994 ua a|||fr|m|| 000 0 eng d
040 _aEG-GICUC
_beng
_cEG-GICUC
_dEG-GICUC
_erda
041 0 _aeng
_beng
_bara
049 _aDeposit
097 _aPh.D
099 _aCai01.13.08.Ph.D.1994.EL.C
100 0 _aElsaid Aly Elnagar,
_epreparation.
245 1 0 _aCreative Expert System with application in music composition /
_cBy Elsaid Aly Elnagar; Supervised By Prof.Dr. Fathy Saleh , Prof.Dr. Isis Fatahalla, Prof.Dr. Ahmed Nazif
246 1 5 _aنظام خبير خلاق مع التطبيق على التاليف الموسيقى
264 0 _c1994.
300 _a81 Leaves :
_billustrations ;
_c30 cm. +
336 _2rda content
_atext
337 _2rdamedia
_aUnmediated
338 _2rdacarrier
_avolume
502 _aThesis (Ph.D)-Cairo University, 1994
504 _aBibliography: pages 80 : 81
653 0 _aCreative Expert System with application
_amusic composition
700 0 _aFathy Saleh
_ethesis advisor.
700 0 _aIsis Fatahalla
_ethesis advisor.
700 0 _aAhmed Nazif
_ethesis advisor.
900 _DDepartment of Electronic
_FFaculty of Engineering
_UCairo University
_b1994
_cFathy Saleh
_cIsis Fatahalla
_cAhmed Nazif
_dFathy Saleh
905 _aNagat
_eNourhan
942 _2ddc
_cTH
_e21
_n0
999 _c178653